000 00268nam a2200109 a 4500
005 20201002061719.0
008 190725s1978 000 spa d
100 _aLefebvre, Henri
_944705
245 3 _aEl marxismo.
260 _aSanto Domingo,
_c1978.
999 _c48666
_d48666
040 _aDO-SdBNP